000
00403nam a22001697a 4500
003
MPLRDC
005
20220104152547.0
008
210129b ||||| |||| 00| 0 eng d
082
_a
738.01 CGQ
100
_a
崔贵强编著
245
_a
东南亚史
_c
250
_a
初版
260
_a
_b
联营出版有限公司
_c
1965
300
_b
平
650
_a
东南亚通史
942
_c
BK
_o
738.01 CGQ
999
_c
52968
_d
52958